000 00305nam a2200121Ia 4500
008 150201s2008 xx 000 0 und d
082 _a615
_bP08K
100 _aKATARE,DEEPSHIKHA P
245 _aPHARMACEUTICAL BIOCHEMISTRY
260 _bCAPITAL PUB.
_aDELHI
_c2008
650 _aBIOCHEMISTRY
942 _2ddc
_cBK
999 _c917
_d917